Manažérstvo kvality vo vzdelávaní
Zavedenie systému manažérstva kvality v školstve modelom TQM. Poznanie očakávaných potrieb a želaní žiakov a študentov na základe presných a spoľahlivých údajov. Kvalitia výchovno-vzdelávacieho procesu a požiadavky budúcich zamestnávateľov.
Saved in:
| Main Author: | |
|---|---|
| Format: | Book Chapter |
| Language: | Slovak |
| Subjects: | |
| Tags: |
No Tags, Be the first to tag this record!
|
MARC
| LEADER | 00000naa a2200000 4500 | ||
|---|---|---|---|
| 001 | 0123005 | ||
| 005 | 20231010125319.6 | ||
| 041 | 0 | |a slo | |
| 044 | |a SK | ||
| 245 | 1 | 0 | |a Manažérstvo kvality vo vzdelávaní |c Alexandra Arendášová |
| 520 | |a Zavedenie systému manažérstva kvality v školstve modelom TQM. Poznanie očakávaných potrieb a želaní žiakov a študentov na základe presných a spoľahlivých údajov. Kvalitia výchovno-vzdelávacieho procesu a požiadavky budúcich zamestnávateľov. | ||
| 610 | 2 | 0 | |a školy |
| 610 | 2 | 0 | |a školstvo |
| 610 | 2 | 0 | |a vzdelávanie |
| 610 | 2 | 0 | |a sústava výchovno-vzdelávacia |
| 610 | 2 | 0 | |a manažéri |
| 610 | 2 | 0 | |a kvalita |
| 610 | 2 | 0 | |a pedagogika |
| 610 | 2 | 0 | |a učitelia |
| 610 | 2 | 0 | |a študenti |
| 100 | 1 | |a Arendášová, Alexandra | |